| 000 | 00334nam a2200145Ia 4500 | ||
|---|---|---|---|
| 008 | 230917s9999||||xx |||||||||||||| ||und|| | ||
| 040 |
_e48164 _aMAIN |
||
| 041 | _aEnglish | ||
| 082 | _a843.7 Z75L | ||
| 100 | _aZola, Emile | ||
| 245 | 0 | _aL'assommoir | |
| 260 |
_aMiddlesex _bPenguin Books _c1975 |
||
| 300 | _a422 p. | ||
| 942 | _cBK | ||
| 999 |
_c161253 _d161253 |
||